MARC details
| 000 -CABECERA |
| campo de control de longitud fija |
01563nam a2200265 a 4500 |
| 001 - NÚMERO DE CONTROL |
| campo de control |
000015134 |
| 005 - FECHA Y HORA DE LA ÚLTIMA TRANSACCIÓN |
| campo de control |
20260305073958.0 |
| 008 - DATOS DE LONGITUD FIJA--INFORMACIÓN GENERAL |
| campo de control de longitud fija |
100201s2008 dr ac 001 0 spa d |
| 020 ## - NÚMERO INTERNACIONAL ESTÁNDAR DEL LIBRO |
| Número Internacional Estándar del Libro |
9789945001129 |
| 040 ## - FUENTE DE LA CATALOGACIÓN |
| Centro catalogador/agencia de origen |
DO-SdBNP |
| Lengua de catalogación |
spa |
| Centro/agencia transcriptor |
BNPHU |
| 082 ## - NÚMERO DE LA CLASIFICACIÓN DECIMAL DEWEY |
| Número de clasificación |
RD864.44 |
| Número de documento/Ítem |
M463h |
| 049 ## - FONDOS LOCALES (OCLC) |
| Fondos de biblioteca |
BNPD |
| 245 00 - MENCIÓN DE TÍTULO |
| Título |
Max Henríquez Ureña y su contribución a la cultura mexicana / |
| Mención de responsabilidad, etc. |
compilación, presentación y notas Cándido Gerón. |
| 260 ## - PUBLICACIÓN, DISTRIBUCIÓN, ETC. |
| Lugar de publicación, distribución, etc. |
Santo Domingo : |
| Nombre del editor, distribuidor, etc. |
Centenario, |
| Fecha de publicación, distribución, etc. |
2008. |
| 300 ## - DESCRIPCIÓN FÍSICA |
| Extensión |
358 p. : |
| Otras características físicas |
il., retrs. ; |
| Dimensiones |
23 cm. |
| 500 ## - NOTA GENERAL |
| Nota general |
Incluye índice onomástico |
| 504 ## - NOTA DE BIBLIOGRAFÍA, ETC. |
| Nota de bibliografía, etc. |
Incluye referencias bibliográficas y notas al pie de las páginas |
| 505 2# - NOTA DE CONTENIDO CON FORMATO |
| Nota de contenido con formato |
A manera de introducción -- Artículo -- El modernismo en México -- Visiones de México. Un orador eximio -- La musa bohemia -- En el jardín romántico -- Palabras -- Rafael López -- John Masefield -- Conferencias -- Whistler y Rodin -- Los conciertos -- Notas al margen -- La ópera -- Influencia de Chopin en la música moderna -- Poesías -- Alma pagana -- Nirvana -- Bajo los álamos -- O ubi campi! -- Motivos dl otoño -- Cartas -- De Max Henríquez Ureña y otros intelectuales mexicanos -- Índice onomástico. |
| 600 #0 - PUNTO DE ACCESO ADICIONAL DE MATERIA--NOMBRE DE PERSONA |
| Nombre de persona |
HENRÍQUEZ UREÑA, MAX, |
| Fechas asociadas al nombre |
1885-1968 |
| Subdivisión general |
COLECCIONES DE ESCRITOS |
| 9 (RLIN) |
34238 |
| 600 #0 - PUNTO DE ACCESO ADICIONAL DE MATERIA--NOMBRE DE PERSONA |
| Nombre de persona |
HENRIQUEZ UREÑA, MAX, |
| Fechas asociadas al nombre |
1885-1968 |
| Subdivisión general |
CORRESPONDENCIA, MEMORIAS, ETC |
| 9 (RLIN) |
56600 |
| 650 #4 - PUNTO DE ACCESO ADICIONAL DE MATERIA--TÉRMINO DE MATERIA |
| Término de materia o nombre geográfico como elemento de entrada |
Modernismo (literatura) |
| Subdivisión general |
Historia |
| 9 (RLIN) |
23477 |
| 651 #4 - PUNTO DE ACCESO ADICIONAL DE MATERIA--NOMBRE GEOGRÁFICO |
| Nombre geográfico |
México |
| Subdivisión general |
Vida Intelectual |
| 9 (RLIN) |
18105 |
| 700 1# - PUNTO DE ACCESO ADICIONAL--NOMBRE DE PERSONA |
| Nombre de persona |
Gerón, Candido, |
| Fechas asociadas al nombre |
1948- |
| Término indicativo de función/relación |
comp. |
| 9 (RLIN) |
3577 |
| 910 ## - DATOS DE OPCIÓN DEL USUARIO (OCLC) |
| Datos de opción del usuario |
Validado. Control de calidad BNPHU. |